| 000 | 00550nam a2200193Ia 4500 | ||
|---|---|---|---|
| 005 | 20251118112716.0 | ||
| 008 | 230125s9999 xx 000 0 und d | ||
| 041 | _aeng | ||
| 082 |
_a158.1 _bOGI |
||
| 100 |
_aKeats D M _9214975 |
||
| 245 | _aInterviewing : a practicle guide for students and professionals | ||
| 260 |
_c2002 _bViva publication |
||
| 300 | _a172p | ||
| 500 | _aInterview,Personality development | ||
| 500 | _aPersonality Development, | ||
| 650 |
_aPersonality Development _9213420 |
||
| 700 |
_aKeats D M _9214975 |
||
| 942 | _cBK | ||
| 999 |
_c87410 _d87410 |
||